S Tier Characters in Super Smash Bros. - Statistics

General Stats
  • This quiz has been taken 465 times
    66 since last reset
  • The average score is 12 of 18
Answer Stats
Game Character % Correct
Ultimate Steve
88%
64 Pikachu
86%
64 Kirby
82%
Melee Fox
78%
Brawl Meta Knight
78%
Melee Jigglypuff
75%
Ultimate Sonic
73%
Melee Falco
71%
WiiU / 3DS Bayonetta
69%
Ultimate Snake
69%
WiiU / 3DS Cloud
65%
Melee Marth
65%
Brawl Ice Climbers
63%
Ultimate Pyra / Mythra
59%
Ultimate R.O.B.
53%
Ultimate Kazuya
49%
Ultimate Mr. Game and Watch
49%
WiiU / 3DS Diddy Kong
47%
No matching quizzes found
Score Distribution
Percent of People with Each Score
Percentile by Number Answered
Your Score History
You have not taken this quiz since the last reset